<?xml version="1.0" encoding="UTF-8"?>
<record
    xmlns:xsi="http://www.w3.org/2001/XMLSchema-instance"
    xsi:schemaLocation="http://www.loc.gov/MARC21/slim http://www.loc.gov/standards/marcxml/schema/MARC21slim.xsd"
    xmlns="http://www.loc.gov/MARC21/slim">

  <leader>04652nam a2200565Ia 4500</leader>
  <controlfield tag="001">7246</controlfield>
  <controlfield tag="008">241029s9999    xx            000 0 und d</controlfield>
  <datafield tag="010" ind1=" " ind2=" ">
    <subfield code="a">6868</subfield>
  </datafield>
  <datafield tag="041" ind1=" " ind2=" ">
    <subfield code="a">Espa&#xF1;ol</subfield>
  </datafield>
  <datafield tag="082" ind1=" " ind2=" ">
    <subfield code="a">N/A</subfield>
  </datafield>
  <datafield tag="245" ind1=" " ind2="0">
    <subfield code="a">Estrategias Pedag&#xF3;gicas para la Mejora del Rendimiento Acad&#xE9;mico del Estudiantado de 6to. Grado del Nivel Primario, en el Centro Educativo Ana Martina Jos&#xE9;, Distrito Educativo 16-01, a&#xF1;o escolar 2016-2017</subfield>
  </datafield>
  <datafield tag="260" ind1=" " ind2=" ">
    <subfield code="a">Duarte</subfield>
  </datafield>
  <datafield tag="300" ind1=" " ind2=" ">
    <subfield code="a">127</subfield>
  </datafield>
  <datafield tag="520" ind1=" " ind2=" ">
    <subfield code="a">73</subfield>
  </datafield>
  <datafield tag="630" ind1=" " ind2=" ">
    <subfield code="a">Estrategia</subfield>
  </datafield>
  <datafield tag="630" ind1=" " ind2=" ">
    <subfield code="a">Estrategias Pedag&#xF3;gicas</subfield>
  </datafield>
  <datafield tag="630" ind1=" " ind2=" ">
    <subfield code="a">Mejoramiento de la Calidad</subfield>
  </datafield>
  <datafield tag="630" ind1=" " ind2=" ">
    <subfield code="a">Redimiento acad&#xE9;mico</subfield>
  </datafield>
  <datafield tag="650" ind1=" " ind2=" ">
    <subfield code="a">Orientaci&#xF3;n</subfield>
  </datafield>
  <datafield tag="690" ind1=" " ind2=" ">
    <subfield code="a">Elaborado</subfield>
  </datafield>
  <datafield tag="700" ind1=" " ind2=" ">
    <subfield code="e">asesor</subfield>
    <subfield code="a"> &#xC3;&#x81;vila ,  Casilda </subfield>
  </datafield>
  <datafield tag="700" ind1=" " ind2=" ">
    <subfield code="e">autor</subfield>
    <subfield code="a">Mel&#xE9;ndez Est&#xE9;vez  ,  &#xC3;&#x81;lida Magdalena </subfield>
  </datafield>
  <datafield tag="700" ind1=" " ind2=" ">
    <subfield code="e">autor</subfield>
    <subfield code="a"> Liriano Mata ,  Ylsa Socorro</subfield>
  </datafield>
  <datafield tag="901" ind1=" " ind2=" ">
    <subfield code="a">{"1":"Mel&#xE9;ndez Est&#xE9;vez  ","2":" Liriano Mata "}</subfield>
    <subfield code="b">{"1":" &#xC3;&#x81;lida Magdalena ","2":" Ylsa Socorro"}</subfield>
  </datafield>
  <datafield tag="902" ind1=" " ind2=" ">
    <subfield code="a">1</subfield>
  </datafield>
  <datafield tag="903" ind1=" " ind2=" ">
    <subfield code="a">{"1":" &#xC3;&#x81;vila "}</subfield>
    <subfield code="b">{"1":" Casilda "}</subfield>
  </datafield>
  <datafield tag="904" ind1=" " ind2=" ">
    <subfield code="a">Maestr&#xED;a en</subfield>
  </datafield>
  <datafield tag="905" ind1=" " ind2=" ">
    <subfield code="a">Orientaci&#xF3;n Acad&#xE9;mica e Intervenci&#xF3;n Psicopedag&#xF3;gica</subfield>
  </datafield>
  <datafield tag="906" ind1=" " ind2=" ">
    <subfield code="a">2</subfield>
  </datafield>
  <datafield tag="907" ind1=" " ind2=" ">
    <subfield code="a">NO APLICA</subfield>
  </datafield>
  <datafield tag="908" ind1=" " ind2=" ">
    <subfield code="a">NO APLICA</subfield>
  </datafield>
  <datafield tag="909" ind1=" " ind2=" ">
    <subfield code="a">Centro Universitario Regional del Nordeste, CURNE (UASD)</subfield>
  </datafield>
  <datafield tag="910" ind1=" " ind2=" ">
    <subfield code="a">NULL</subfield>
    <subfield code="b">NULL</subfield>
  </datafield>
  <datafield tag="911" ind1=" " ind2=" ">
    <subfield code="a">["1"]</subfield>
  </datafield>
  <datafield tag="912" ind1=" " ind2=" ">
    <subfield code="a">NO APLICA</subfield>
  </datafield>
  <datafield tag="913" ind1=" " ind2=" ">
    <subfield code="a">NULL</subfield>
  </datafield>
  <datafield tag="914" ind1=" " ind2=" ">
    <subfield code="a">01 de Mayo de 2018</subfield>
  </datafield>
  <datafield tag="915" ind1=" " ind2=" ">
    <subfield code="a">21/11/19 09:11</subfield>
  </datafield>
  <datafield tag="916" ind1=" " ind2=" ">
    <subfield code="a">NULL</subfield>
  </datafield>
  <datafield tag="917" ind1=" " ind2=" ">
    <subfield code="a">NULL</subfield>
  </datafield>
  <datafield tag="918" ind1=" " ind2=" ">
    <subfield code="a">NO APLICA</subfield>
  </datafield>
  <datafield tag="919" ind1=" " ind2=" ">
    <subfield code="a">["92","245","137","242"]</subfield>
  </datafield>
  <datafield tag="520" ind1=" " ind2=" ">
    <subfield code="a">La investigaci&#xF3;n tiene como objetivo general, estudiantado de 6to. A del Centro Educativo Ana Martina Jos&#xE9;, actuando de manera eficaz y aut&#xF3;noma en diversos contextos, movilizando actitudes y valores para el logro del rendimiento acad&#xE9;mico. Asimismo, equipo investigador desarrollando actitudes que les permiten ampliar sus habilidades como profesionales, que al aplicarlas aumenta la mejora del rendimiento acad&#xE9;mico.&#xA0;Esta investigaci&#xF3;n se enmarca en el paradigma cualitativo con un enfoque de investigaci&#xF3;n acci&#xF3;n. El modelo seleccionado fue el de Kemmis MC Taggart. Una de las t&#xE9;cnicas utilizadas para la recogida de la informaci&#xF3;n fue triple diagn&#xF3;stico, el cual consiste en la identificaci&#xF3;n de las necesidades por el equipo investigador, aproximaci&#xF3;n al problema y diagn&#xF3;stico a profundidad. Otras t&#xE9;cnicas fueron la observaci&#xF3;n, entrevista, cuestionario, diario de campo y la fotograf&#xED;a.Al finalizar este proceso de investigaci&#xF3;n, se han logrado satisfactoriamente los objetivos propuestos en su gran mayor&#xED;a, puesto que se puede visualizar un cambio de actitud muy significativo del estudiantado intervenido hacia los estudios, reflejando mejores niveles de rendimiento en el &#xE1;mbito acad&#xE9;mico, lo que hemos podido valorar a trav&#xE9;s de las observaciones realizada en el desarrollo del proceso de las intervenciones y las opiniones de las maestras implicadas en el proceso. As&#xED; como tambi&#xE9;n, al relacionarnos como equipo y profundizar sobre las dificultades presentadas e ir evaluando las fortalezas obtenidas y las debilidades por superar durante el transcurso del desarrollo de las intervenciones realizadas, adquirimos nuevos conocimientos, que sin temor a equivocarnos nos van a servir como base de apoyo para reforzar nuestra practica como profesionales de la conducta.&#xA0; En el transcurso de las intervenciones se pudo lograr un estudiantado que en su mayor&#xED;a se incorpor&#xF3;, empoder&#xE1;ndose de los contenidos y estrategias, haciendo uso de la oportunidad de realizar dramatizaciones, an&#xE1;lisis, di&#xE1;logos interactivos, observar videos reflexivos, documentales, indagar sobre cualquier duda, trabajo en grupo, lo que ha permitido el logro de un mayor desarrollo de conocimiento intelectual de la gran mayor&#xED;a.&#xA0; En la actualidad podemos decir que contamos con un estudiantado con actitudes positivas y comprometidos con el accionar educativo y con mayor inter&#xE9;s en la planeaci&#xF3;n de sus proyectos de vida.&#xA0;&#xA0;Se recomienda, Al equipo de gesti&#xF3;n siga d&#xE1;ndoles seguimiento oportuno, al personal docente en funci&#xF3;n de su labor para continuar generando cambios positivos en el estudiantado. Promover la capacitaci&#xF3;n del profesorado e incentiv&#xE1;ndolos a implementar estrategias pedag&#xF3;gicas acorde con los nuevos tiempos. A los docentes, concienciar al personal docente en capacitarse en su &#xE1;rea en especialidades o maestr&#xED;a, para que puedan brindar mejor servicio en relaci&#xF3;n a la pr&#xE1;ctica pedag&#xF3;gica de desempe&#xF1;an.&#xA0;</subfield>
  </datafield>
  <datafield tag="921" ind1=" " ind2=" ">
    <subfield code="a">72</subfield>
  </datafield>
  <datafield tag="922" ind1=" " ind2=" ">
    <subfield code="a">72</subfield>
  </datafield>
  <datafield tag="923" ind1=" " ind2=" ">
    <subfield code="a">1</subfield>
  </datafield>
  <datafield tag="924" ind1=" " ind2=" ">
    <subfield code="a">20191121202912</subfield>
  </datafield>
  <datafield tag="942" ind1=" " ind2=" ">
    <subfield code="c">Tesis</subfield>
  </datafield>
  <datafield tag="999" ind1=" " ind2=" ">
    <subfield code="c">6868</subfield>
    <subfield code="d">6868</subfield>
  </datafield>
</record>
